02951nam a22001337a 4500008004100000020001800041082001600059100002000075245007800095260008000173300003500253505232600288650020302614190522b xxu||||| |||| 00| 0 eng d a9788409059973 a707bAY978d acolectivo allyu aDevuélvannos el oro. Cosmovisiones perversas y acciones anticoloniales. aMadrid, EspañabCentro de residencias artísticas, Matadero Madridc2018 a200 p.bill (col).c21 x 15 cm tDevuélvannos el oro: una introducción acolectivo ayllutSerían unxs criadxs magníficxs gsergio zevallostLa fantasía de asaltar el museoriki yos piña narváez boadas funes del valletLas negras siempre estamos desnudas!ryuderkys espinosa miñosotLa más bella revoluciónrvicky boisan tToma todos tus bulos rgabriela wiener tNIE (No Identidad Existente) rsofía perdomo sanztHacer el indio. Pequeñas reflexiones sobre nuestra indixdescendencia rfrancisco godoy vegatBlanco rdaniela ortiztPerder la fascinación. Remedio destemporazidor para el dolor migrarlucrecia massontWiracocha en Madridrleo zelada tIlegalrgiovanni collazos carrascotMadrid negroryeison fernando garcía lópeztAntirracismo, distancia radical y reinscripciones tecnoafectivasranyely marín cisneros tA proposito del taller: ¿Cómo cartografiarse el propio rostro? Entre máscaras y fragmentos de vida y la identificación por perfil racial rnahuala tAfiches con Paltarnayare montestContra la racionalización o blanqueamiento del amor. La venganza de Marimar. rmaría lucrecia masson córdoba de los toldos y yos piña narváez funes boada del vallet¿20 años de la despenalización de la homosexualidad en el Ecuador o una larga resistencia a la invención del "vicio bestial de sodomía"? rleticia/kimy roas miranda tA 20 años de la despenalización de la homosexualidad en el Ecuador: "Pasamos de ser delincuentes a sujetos con derechos" ralex aguirre sánchez tOjitos del Surrgabriela contreras tValientes rjulia warmi tEjercicios para escupir la rabia y sacudir la memoria rcarborca linchtla economía colonial inconsciente en las cuestiones relativas a la homosexualidadrfrancisco godoy vega tPolirabia rvicky & yos radical queens tAy! La Pinche Malinche rfabiana castro hernández tSobre la producción de la fealdad en el régimen de la blanquitud. Pensamientos incipientes. rlucrecia masson tMi Identidad trans, mi espacio vitalralex aguirre sánchez tmi voz mi ruido rangelo mosutan-zsurkistvestida de piel rlía la novia sirena t¡Rumbo a una distribución de la violencia desobediente de génerp y anti-colonial!rjota mombaca tLos visibles rnayare montestDe las profundidades surgí con un precioso vestido rmanuela villa acosta 2Arte contemporáneo vArte - historia xArte - anticolonialismo xArte - generoxArte - antirracismoxArte - homosexualidadxArte - violenciaxArte - residencia artísticazMatadero, Madrid - 2017